000
00312nam a22001337a 4500
020
_a
978-81-314-2164-2
082
_a
361
_b
NAG/V
100
_a
NAG,PARAMITA
245
_a
VIOLENCE AGAINST WOMEN
260
_a
INDIA
300
_a
241
650
_a
VIOLENCE AND CRIME COMMITTED AGAINST WOMEN
_z
INDIA
942
_c
BK
999
_c
5771
_d
5771